Die leiden der Arbeiterklasse und ihr Heilmittel / (Record no. 36847)

MARC details
000 -LEADER
campo de control de longitud fija 00747nam a2200205 i 4500
001 - NÚMERO DE CONTROL
campo de control 36847
003 - IDENTIFICADOR DE NÚMERO DE CONTROL
campo de control ES-MaACL
005 - FECHA Y HORA DE LA ÚLTIMA TRANSACCIÓN
campo de control 20250826060522.0
007 - CAMPO FIJO DE DESCRIPCIÓN FÍSICA--INFORMACIÓN GENERAL
campo de control de longitud fija t|
008 - DATOS DE LONGITUD FIJA--INFORMACIÓN GENERAL
campo de control de longitud fija 030219s1920 gw |||| | ger d
100 1# - ENTRADA PRINCIPAL--NOMBRE DE PERSONA
Nombre de persona Bray, John Francis.
9 (RLIN) 31517
245 10 - MENCIÓN DEL TÍTULO
Título Die leiden der Arbeiterklasse und ihr Heilmittel /
Mención de responsabilidad, etc. von J.F. Bray ; eingeleitet und übers. von M. Beer.
260 ## - PUBLICACIÓN, DISTRIBUCIÓN, ETC.
Lugar de publicación, distribución, etc. Leipzig :
Nombre del editor, distribuidor, etc. C. L. Hirschfeld,
Fecha de publicación, distribución, etc. 1920.
300 ## - DESCRIPCIÓN FÍSICA
Extensión 233 p. ;
Dimensiones 24 cm.
490 1# - MENCIÓN DE SERIE
Mención de serie Hauptwerke des sozialismus und sozialpolitik.
-- Neue Folge ;
Designación de volumen o secuencia 3-4
650 #7 - PUNTO DE ACCESO ADICIONAL DE MATERIA--TÉRMINO DE MATERIA
Término de materia o nombre geográfico como elemento de entrada Clase trabajadora
Fuente del encabezamiento o término embne
9 (RLIN) 151811
830 0# - PUNTO DE ACCESO ADICIONAL DE SERIE-TÍTULO UNIFORME
Título uniforme Hauptwerke des sozialismus und sozialpolitik.
-- Neue Folge ;
Designación de volumen o secuencia 3-4
9 (RLIN) 182205
852 ## - LOCALIZACIÓN
Ubicación ES-MaACL
Número de control de estantería 1632-F-10
Holdings
Estatus retirado Estado de pérdida Estado de daño No para préstamo Colección Biblioteca de origen Biblioteca actual Ubicación en estantería Fecha de adquisición Fuente de adquisición Total de préstamos Signatura topográfica completa Código de barras Visto por última vez Precio de reemplazo Tipo de ítem Koha
        Colección de folletos Biblioteca del Ateneo de Madrid Biblioteca del Ateneo de Madrid Depósito folletos 17/01/2008     1632-F-10 1038750 23/02/2023 23/02/2023 Folleto